European Competitions Top 5 Assisters: 2012/13 - Statistics

General Stats
  • This quiz has been taken 5 times
  • The average score is 5 of 14
Answer Stats
Competition Assists Club Nationality Player % Correct
Europa League 4 Chelsea England Frank Lampard
80%
Champions League 8 Borussia Dortmund Germany Mario Gotze
80%
Champions League 5 Bayern Munich Germany Philipp Lahm
80%
Champions League 7 PSG Sweden Zlatan Ibrahimovic
80%
Champions League 5 Bayern Munich France Franck Ribery
60%
Champions League 5 Real Madrid France Karim Benzema
60%
Europa League 4 Basel Egypt Mohamed Salah
60%
Europa League 5 Chelsea Spain Juan Mata
40%
Europa League 4 Inter Italy Antonio Cassano
0%
Europa League 6 Inter Colombia Fredy Guarin
0%
Europa League 5 Levante Spain Jose Javier Barkero
0%
Europa League 4 Rubin Kazan Finland Roman Eremenko
0%
Champions League 5 Galatasaray Turkey Selcuk Inan
0%
Europa League 7 Basel Switzerland Valentin Stocker
0%
No matching quizzes found
Score Distribution
Percent of People with Each Score
Percentile by Number Answered
Your Score History
You have not taken this quiz